The writer & the modern world : a study in literature and dogma.

Bibliographic Details
Main Author: Pitt, Valerie
Format: Book
Language:English
Published: London : S.P.C.K., 1966.
Series:Here and now
Subjects:

MARC

Tag First Indicator Second Indicator Subfields
LEADER 00000cam a2200000 4500
001 in00000028552
005 20151007062732.0
008 740808s1966 enk 00000 eng
010 |a  66075158  
035 |a (OCoLC)00974417 
035 |9 AAD5675AM 
037 |c 6/- 
040 |a DLC  |c OUN  |d TXA  |d UtOrBLW 
049 |a TXAM  |c [468789] 
050 0 |a PR479.R4  |b P5 
092 |a 820.9  |b P688w 
100 1 |a Pitt, Valerie. 
245 1 4 |a The writer & the modern world :  |b a study in literature and dogma. 
264 1 |a London :  |b S.P.C.K.,  |c 1966. 
300 |a xv, 80 pages ;  |c 19 cm. 
336 |a text  |b txt  |2 rdacontent 
337 |a unmediated  |b n  |2 rdamedia 
338 |a volume  |b nc  |2 rdacarrier 
490 0 |a Here and now 
650 0 |a English literature  |y 20th century  |x History and criticism. 
650 0 |a Religion and literature. 
999 |a MARS 
999 f f |s ad0473c5-1e09-30f2-8007-58f247b12480  |i f710ba35-b7e0-3eaa-8e70-248e42379533  |t 0 
952 f f |p ric  |a Texas A&M University  |b Rellis Campus  |c Joint Library Facility  |d Remote Storage  |t 0  |e PR479.R4 P5  |h Library of Congress classification  |i unmediated -- volume  |m A14801273085 
998 f f |a PR479.R4 P5  |t 0  |l Remote Storage